LEADER 00959cam--2200349---450 001 990001429040203316 005 20200416105034.0 035 $a000142904 035 $aUSA01000142904 035 $a(ALEPH)000142904USA01 035 $a000142904 100 $a20040217d1982----km-y0itay0103----ba 101 0 $aita 102 $aIT 105 $a||||||||001yy 200 1 $aAntropologia del cinema$fMassimo Canevacci 210 $aMilano$cFeltrinelli$d1982 215 $a171 p.$d18 cm 225 2 $aUniversale Economica$v960 410 0$12001$aUniversale Economica$v960 606 0 $aCinema 676 $a791.43 700 1$aCANEVACCI,$bMassimo$039837 801 0$aIT$bsalbc$gISBD 912 $a990001429040203316 951 $aXIII.2. 11(VARIE coll 21/960)$b10560 L.M.$cVARIE coll 951 $aXVII A. 297$b94 DLAS$cXVII A.$d375637 959 $aBK 969 $aUMA 969 $aCAS 996 $aAntropologia del cinema$9505588 997 $aUNISA